| 000 | 00655nam a2200229 u 4500 | ||
|---|---|---|---|
| 005 | 20260327064208.0 | ||
| 008 | 121015s2010 ag r 000 0 spa d | ||
| 020 | _a9789501105766 | ||
| 035 | _aUPN01000187528 | ||
| 049 | _aI | ||
| 050 | 4 |
_aPZ76.3 _bA4.22 |
|
| 100 | 1 |
_aAlbert, Vanessa _932689 |
|
| 245 | 1 | 1 |
_a¡A comer! / _cVanessa Albert ; il. Cyndy Szekeres. |
| 260 |
_aBuenos Aires : _bSigmar, _c2010. |
||
| 300 |
_a[12] p. : _bprincipalmente il. col. |
||
| 440 | 0 | _aTernura | |
| 650 | 4 |
_aGatos _vCuentos y leyendas _911010 |
|
| 650 | 4 |
_aCuentos infantiles _96744 |
|
| 700 | 1 |
_aSzekers, Cyndy, _eil. |
|
| 905 | _aInfantil | ||
| 999 |
_c159631 _d159631 |
||